France National Football Team Best Scorer By Year - Statistics

General Stats
  • This quiz has been taken 1,257 times
    469 since last reset
  • The average score is 11 of 58
Answer Stats
Player % Correct
Kylian Mbappé
100%
Olivier Giroud
94%
Thierry Henry
92%
Antoine Griezmann
91%
Zinédine Zidane
84%
Karim Benzema
82%
Michel Platini
77%
David Trezeguet
66%
Franck Ribery
60%
Jean-Pierre Papin
49%
Just Fontaine
49%
Randal Kolo Muani
49%
Éric Cantona
36%
Raymond Kopa
33%
Youri Djorkaeff
30%
Sylvain Wiltord
28%
André-Pierre Gignac
22%
Djibril Cissé
19%
Dominique Rocheteau
11%
Loïc Rémy
10%
Didier Six
9%
Bernard Lacombe
6%
Yannick Stopyra
5%
Éric Carrière
4%
Henri Michel
4%
Hervé Revelli
3%
José Touré
3%
Roger Piantoni
3%
Fleury Di Nallo
2%
Jean Baratte
2%
Joseph Ujlaki
2%
Philippe Gondet
2%
Steve Marlet
2%
André Guy
1%
André Strappe
1%
Ángel Rambert
1%
Carmelo Micciche
1%
Charly Loubet
1%
Christian Coste
1%
Dominique Bathenay
1%
Georges Lech
1%
Gérald Passi
1%
Jacques Faivre
1%
Jean Grumellon
1%
Jean-Marc Ferreri
1%
Jean-Marc Guillou
1%
Lucien Cossou
1%
Marc Berdoll
1%
Marcel Artelesa
1%
Marc Molitor
1%
Maryan Wisniewski
1%
Nestor Combin
1%
Olivier Rouyer
1%
Patrick Parizon
1%
Philippe Fargeon
1%
Serge Chiesa
1%
Thadée Cisowski
1%
Yvon Goujon
1%
No matching quizzes found
Score Distribution
Percent of People with Each Score
Percentile by Number Answered
Your Score History
You have not taken this quiz since the last reset